Introduction to Geometry
Saved in:
| Hovedforfatter: | |
|---|---|
| Format: | Bog |
| Sprog: | engelsk |
| Udgivet: |
Nueva York
John Wiley and Sons
1961
|
| Fag: | |
| Tags: |
Tilføj Tag
Ingen Tags, Vær først til at tagge denne postø!
|
MARC
| LEADER | 00000nam a2200000 a 4500 | ||
|---|---|---|---|
| 001 | UCH1834 | ||
| 003 | CL-VaPUC | ||
| 008 | 090514e19610000US |||||||||||||||||eng|d | ||
| 082 | 0 | 4 | |a 516 |b COX |2 21 |
| 100 | 0 | |a Coxeter, Harold Scott MacDonald |e author |9 536389 | |
| 245 | 1 | 0 | |a Introduction to Geometry |
| 300 | |a 443 p | ||
| 942 | |c BK | ||
| 945 | |d 20090514 00:00:00 |a dcastane | ||
| 260 | |a Nueva York |b John Wiley and Sons |c 1961 | ||
| 650 | 0 | |a Geometría |9 264063 | |
| 650 | 0 | |a Figuras geométricas |9 347994 | |
| 650 | 0 | |a Polígono regular |9 536390 | |
| 650 | 7 | |a TRIANGULOS |2 CL-VaPUC |9 417048 | |
| 650 | 7 | |a ESFERAS Y CIRCULOS |2 CL-VaPUC |9 536391 | |
| 650 | 7 | |a RAZONAMIENTO INDUCTIVO |2 CL-VaPUC |9 421901 | |
| 583 | |a last modification |c 20090514 00:00:00 |k Rodrigo Vera | ||
| 999 | |c 333731 |d 333729 | ||
| 952 | |0 0 |1 0 |4 0 |6 516_000000000000000_COX_1961 |7 0 |8 A |9 422331 |a BIBCUR |b BIBCUR |d 2019-11-22 |i 4543734 |o 516 COX 1961 |p 4543734 |r 2025-04-22 |w 2019-11-22 |y BK |k FIS | ||